=LDR 00000nam 2200000 4500 =001 INLIS000000000059723 =005 20211129122724 =035 ##$$a 0010-1121000460 =007 ta =008 211129###########################0#ind## =020 ##$$a 978-979-16859 =082 ##$$a 959.811 =084 ##$$a 959.811 Moh a =245 1#$$a Aceh Sepanjang Abad Jilid I & II /$c H. Mohammad Said =300 ##$$a 670 halaman : $b Ilustrasi ; $c 21 cm. =650 #4$$a Aceh - Sejarah =264 ##$$a Medan :$b Harian Waspada,$c tidak teridentifikasi =336 ##$$a teks$2 rdacontent =337 ##$$a lain-lain$2 rdamedia =338 ##$$a lain-lain$2 rdacarrier =990 ##$$a 32643264 =990 ##$$a 32643264